00653cam a22002291 4500001001300000003000400013005001700017008004100034010001700075035002000092040004600112042001200158043001200170050003500182086001500217110001600232245006800248260004500316300002100361710002400382999001700406pa 61000018 DLC20260227111855.0840904s1961 dcu i000 0 eng c apa 61000018  a(OCoLC)11118850 aPan American Union. LibrarycCUdOAkdDLC apremarc anccr---00aLAW 0 a342.7285011 aCosta Rica.10aConstitution of the Republic of Costa Rica, 1949b(as amended). aWashington :bPan American Union,c1961. a 36 p. ;c28 cm.2 aPan American Union. c51455d51455